Vista normal
Vista MARC
Entrada Topical Term
Número de registros utilizados en: 1
001 - CONTROL NUMBER
- control field: 18063
003 - CONTROL NUMBER IDENTIFIER
- control field: OSt
005 - DATE AND TIME OF LATEST TRANSACTION
- control field: 20230915230657.0
008 - FIXED-LENGTH DATA ELEMENTS
- fixed length control field: 230915|| aca||aabn | a|a d
040 ## - CATALOGING SOURCE
- Original cataloging agency: OSt
- Transcribing agency: OSt
150 ## - HEADING--TOPICAL TERM
- Topical term or geographic name entry element: SEMILLAS DE ARBOLES FORESTALES RIO ANTIOQUIA - COLOMBIA
670 ## - SOURCE DATA FOUND
- Source citation: Work cat.: (OSt)23523: Corporacion Autonoma Regional Rionegro - Nare 18061, Manual de Recolección tratamiento y almacenaje de semillas forestales, 1995